Faktory hospodárskeho rozvoja ekonomík v postkrízovom období

Transformácia ekonomickej krízy do krízy dlhovej. Odstrániť problémy zadĺžených ekonomík môžu iba dve riešenia: vysoká inflácia a vyššie zdaňovanie obyvateľstva.

Salvato in:
Dettagli Bibliografici
Autore principale: Pavelka, Ľuboš, 1962-
Natura: Capitolo di libro
Lingua:slovacco
Soggetti:
Tags: Aggiungi Tag
Nessun Tag, puoi essere il primo ad aggiungerne!!

MARC

LEADER 00000naa a2200000 4500
001 0125609
005 20240502072431.2
041 0 |a slo 
044 |a SK 
245 1 0 |a Faktory hospodárskeho rozvoja ekonomík v postkrízovom období  |c Ľuboš Pavelka 
520 |a Transformácia ekonomickej krízy do krízy dlhovej. Odstrániť problémy zadĺžených ekonomík môžu iba dve riešenia: vysoká inflácia a vyššie zdaňovanie obyvateľstva. 
610 2 0 |a rast hospodársky 
610 2 0 |a faktory rastu hospodárskeho 
610 2 0 |a recesia 
100 1 |a Pavelka, Ľuboš, 1962-